| 000 | 01594nam a22002657a 4500 | ||
|---|---|---|---|
| 005 | 20120618101433.0 | ||
| 010 | _aB-464601-605 | ||
| 020 |
_a9780415279963 _c1243.86 |
||
| 035 | _aB-464601-605 | ||
| 037 |
_adpl _bResearcho / ven |
||
| 082 | _a910.9024 | ||
| 100 |
_aArnold , david _949445 |
||
| 245 |
_aThe age of discovery 1400-1600 / _cby David Arnold |
||
| 250 | _aSecond ed | ||
| 260 |
_aLondon _bRoutledge _c2006 |
||
| 270 |
_a2 park square milton park abington oxon _bLondon |
||
| 300 |
_a69pgs _c21(pbk) |
||
| 942 |
_2ddc _cEN _mARN _h910.9024 |
||
| 999 |
_c68009 _d68009 |
||